Broken Horses Lyrics Quiz Stats

 Plays Quiz not verified by Sporcle

Support Sporcle.
Go Orange.
Score 0/196 Timer 20:00
0 Plays Today
% Correct
... A war that Ulysses the soldier was determined to end.”
95.7%
“Ten years into the siege...
95.7%
...The war was over.”
95.7%
“See, Ulysses the drunk...
95.7%
broken
91.3%
horses,
91.3%
Broken
91.3%
horses,
91.3%
Broken
91.3%
horses,
91.3%
broken
91.3%
horses
91.3%
broken
91.3%
horses,
91.3%
Broken
91.3%
horses,
91.3%
Broken
91.3%
horses,
91.3%
Broken
91.3%
horses
91.3%
broken
91.3%
horses,
91.3%
Broken
91.3%
horses,
91.3%
Broken
91.3%
horses,
91.3%
Broken
91.3%
horses
91.3%
Broken
91.3%
horses
91.3%
Broken
91.3%
horses
91.3%
my
87%
my
87%
my
87%
a
87%
A
87%
a
87%
and
82.6%
the
82.6%
that
82.6%
for
82.6%
I
82.6%
if
82.6%
get
82.6%
all
82.6%
And
82.6%
and
82.6%
all
82.6%
I
82.6%
killed
82.6%
I
82.6%
and
82.6%
and
82.6%
I
82.6%
and
82.6%
We
82.6%
that
82.6%
I
82.6%
And
82.6%
all
82.6%
that
82.6%
I
82.6%
me
82.6%
The
82.6%
was
82.6%
% Correct
Ilium
82.6%
all
82.6%
that
82.6%
and
82.6%
and
82.6%
all
82.6%
me
82.6%
in
78.3%
fall
78.3%
Soldiers
78.3%
wonder
78.3%
devils
78.3%
nightmares
78.3%
Of
78.3%
of
78.3%
their
78.3%
victims
78.3%
as
78.3%
well
78.3%
still
78.3%
those
78.3%
Those
78.3%
of
78.3%
Still
78.3%
their
78.3%
statue
78.3%
of
78.3%
it’s
78.3%
to
78.3%
not
78.3%
here
78.3%
Animals
78.3%
long
78.3%
to
78.3%
Once
78.3%
they
78.3%
as
78.3%
equestrians
78.3%
its
78.3%
now
78.3%
Their
78.3%
of
78.3%
cups
73.9%
whiskey
73.9%
Sometimes
73.9%
screaming
73.9%
will
73.9%
cease
73.9%
tears
73.9%
unnoticed
73.9%
will
73.9%
you
73.9%
Just
73.9%
Hell
73.9%
like
73.9%
can’t
73.9%
After
73.9%
decade
73.9%
fighting
73.9%
stood
73.9%
firm
73.9%
had
73.9%
designed
73.9%
them
73.9%
Sometimes
73.9%
hard
73.9%
% Correct
remember
73.9%
city
73.9%
always
73.9%
since
73.9%
with
73.9%
were
73.9%
known
73.9%
have
73.9%
fallen
73.9%
like
73.9%
Deep
69.6%
Free-flowing
69.6%
tell
69.6%
one
69.6%
more
69.6%
defences
69.6%
our
69.6%
foes
69.6%
hope
69.6%
extinguished
69.6%
Statues
69.6%
are
69.6%
remain
69.6%
at
69.6%
last
69.6%
because
69.6%
Numbness
65.2%
release
65.2%
would
65.2%
confirm
65.2%
Roaming
65.2%
nothing
65.2%
fear
65.2%
riders
65.2%
From
65.2%
only
60.9%
departing
60.9%
message
60.9%
down
60.9%
past
60.9%
outrun
56.5%
Victory
56.5%
peace
56.5%
honoured
56.5%
built
56.5%
shattered
56.5%
honoured
56.5%
silent
56.5%
stone
56.5%
title
52.2%
scheming
52.2%
Offering
52.2%
valiant
52.2%
Sending
52.2%
guilt
52.2%
bone
52.2%
warfare’s
47.8%
staring
47.8%
cunning
47.8%
by
47.8%
cracked
47.8%
fractured
47.8%
Heartless
34.8%
riding
30.4%

You're not logged in!

Compare scores with friends on all Sporcle quizzes.
OR
Log In

From the Vault

10 Smallest US State Capitals

by minshkins

Judge these capitals by their size, do you?
Remove Ads.
Support Sporcle.
Get the best of Sporcle when you Go Orange. This ad-free experience offers more features, more stats, and more fun while also helping to support Sporcle. Thank you for becoming a member.

Show Comments

Extras

Top Quizzes Today


Score Distribution

Your Account Isn't Verified!

In order to create a playlist on Sporcle, you need to verify the email address you used during registration. Go to your Sporcle Settings to finish the process.

Report this User

Report this user for behavior that violates our Community Guidelines.

Details: